| 000 | 01657nam a2200349 a 4500 | ||
|---|---|---|---|
| 001 | ebr10002972 | ||
| 003 | CaPaEBR | ||
| 006 | m u | ||
| 007 | cr cn||||||||| | ||
| 008 | 010810s2002 inua sb s001 0 eng | ||
| 010 | _z 2001004949 | ||
| 020 | _z0253340764 (cloth : alk. paper) | ||
| 040 |
_aCaPaEBR _cCaPaEBR |
||
| 035 | _a(OCoLC)613365762 | ||
| 050 | 1 | 4 |
_aE175 _b.K45 2002eb |
| 082 | 0 | 4 |
_a973/.01 _221 |
| 100 | 1 |
_aKeller, Frances Richardson, _d1917- |
|
| 245 | 1 | 0 |
_aFictions of U.S. history _h[electronic resource] : _ba theory and four illustrations / _cFrances Richardson Keller. |
| 260 |
_aBloomington : _bIndiana University Press, _cc2002. |
||
| 300 |
_a184 p. : _bill. |
||
| 504 | _aIncludes bibliographical references and index. | ||
| 505 | 0 | _aFictions and the missions of history: our fictions, our missions, our selves -- The grandest fiction -- The scramble after the Civil War -- From Mormon polygamy to American monogamy: shifting fictions in the life of a society -- Eleanor Roosevelt: changing fictions in the life of an individual. | |
| 533 |
_aElectronic reproduction. _bPalo Alto, Calif. : _cebrary, _d2013. _nAvailable via World Wide Web. _nAccess may be limited to ebrary affiliated libraries. |
||
| 650 | 0 | _aFictions, Theory of. | |
| 650 | 0 |
_aIdeology _xSocial aspects _zUnited States. |
|
| 650 | 0 | _aPatriarchy. | |
| 651 | 0 |
_aUnited States _xHistoriography. |
|
| 651 | 0 |
_aUnited States _xHistory _xPhilosophy. |
|
| 655 | 7 |
_aElectronic books. _2local |
|
| 710 | 2 | _aebrary, Inc. | |
| 856 | 4 | 0 |
_uhttp://site.ebrary.com/lib/rucke/Doc?id=10002972 _zAn electronic book accessible through the World Wide Web; click to view |
| 999 |
_c2472 _d2472 |
||